000 00755nam a22002297a 4500
003 MN-UlNLM
005 20260303152503.0
008 260303b mp ||||| |||| 00| 0 mon d
020 _a9786017478636
040 _aБаян-Өлгий аймгийн төв номын сан
_bkaz
_cMN-UlNLM
_dMN-UlNLM
_erda
084 _2NNA
_a84(5Каз)
_bБ31
_q84
100 _aБаят, Е.
_q(Баят Ерболат)
245 1 _aЖұмақ әуені
264 1 _aАлматы :
_b"Мерей"
_c2017.
300 _a168 хуудастай :
_c20 см
336 _2rdaconnect
_atext
_btxt
337 _2rdamedia
_aunmediated
_bn
338 _2rdacarrier
_avolume
_bnc
500 _aЖұмақ әуені
653 _aЖұмақ әуені
942 _2NNA
_cBK
999 _c1156129
_d1156186